000 00463nam a2200181Ia 4500
001 23629
005 20260414150950.0
008 260414t2015||||xx |||||||||||||| ||spa||
041 _aESP
082 _a670.427
_bM55
100 _aMiguélez Garrido, María Henar
_eAUT
245 0 _aProblemas resueltos de tecnología de fabricación
_b
260 _c2015
300 _a299 páginas :
_c27 cm.
650 _aTCA
654 _aCII
942 _cLIB
_dJUS
_fJUS
_2ddc
_n
999 _c23629
_d23629